| 000 | 01169nac a22003617a 4500 | ||
|---|---|---|---|
| 001 | BR0305583 | ||
| 003 | BR-BrBNA | ||
| 005 | 20240105122914.0 | ||
| 008 | 230509b bl.|||m| |||| 00| 0 por d | ||
| 040 |
_aBR-BrBNA _bpor _cBiblioteca Nacional de Agricultura |
||
| 072 | _aE50 | ||
| 090 | _aE50 BR0305583 | ||
| 100 | 1 | _aQuirino, T.R. | |
| 100 | 1 | _aGaragorry, F.L. | |
| 100 | 1 | _aSousa, C.P. de | |
| 110 | 1 | _aEMBRAPA, Secretaria de Administração Estratégica, Brasília, DF (Brasil) | |
| 245 | 1 | _aDiagnóstico sociotécnico da Agropecuária Brasileira; 1: produtores | |
| 260 | 3 |
_aBrasília, DF (Brasil): _c2002. |
|
| 300 | _a59 p. | ||
| 490 |
_aDocumentos - EMBRAPA Secretaria de Administração Estratégica (Brazil) _vno. 2 _xISSN 1678-2739 |
||
| 500 | _aSummary (Pt); 33 tables; 17 ref.; 8 illus. | ||
| 650 | _aPECUÁRIA | ||
| 650 | _aAGRICULTURA | ||
| 650 | _aPRODUTOR | ||
| 650 | _aADOÇÃO DE INOVAÇÕES | ||
| 650 | _aEXTENSÃO RURAL | ||
| 650 | _aCOMUNICAÇÃO | ||
| 650 | _aANÁLISE ESTATÍSTICA | ||
| 650 | _aAMOSTRAGEM | ||
| 650 | _aSOCIOLOGIA RURAL | ||
| 909 |
_a202312 _bLúcia Elande _c55 _dLúcia Elande |
||
| 942 |
_2AGRIS _n0 _cMS |
||
| 999 |
_c293258 _d293258 |
||